00293nam a2200109Ia 4500008004100000020001300041040002900054050002600083100001600109245003500125260002300160230104s9999||||xx |||||||||||||| ||und|| a52158275 cChuka University Library aQA 76.76bC65A67 1997 aAppel, A.W. 0aModern Compiler Implementation acubnew yorkc1997